Databank (Record no. 76945)

MARC details
000 -LEADER
fixed length control field 00721cab a2200181 4500
001 - CONTROL NUMBER
control field ##L133344
008 - FIXED-LENGTH DATA ELEMENTS--GENERAL INFORMATION
fixed length control field 060503n2006 000 0 eng u
035 ## - SYSTEM CONTROL NUMBER
System control number (Sirsi) u133344
041 0# - LANGUAGE CODE
Language code of text/sound track or separate title eng
100 1# - MAIN ENTRY--PERSONAL NAME
Personal name Cruise, Sinead
245 00 - TITLE STATEMENT
Title Databank
Remainder of title private investor
260 ## - PUBLICATION, DISTRIBUTION, ETC.
Date of publication, distribution, etc. 2006
490 #0 - SERIES STATEMENT
Series statement Property Week
Volume/sequential designation 71(17) 28 April 2006, 21(1)
520 ## - SUMMARY, ETC.
Summary, etc. The number of properties offered and sold at auction increased by a third in the first quarter of 2006. Private investors spent £364m in this quarter, compared with £253m in the corresponding period last year. However, this has prompted fears that a decline in the market is looming.
590 ## - LOCAL NOTE (RLIN)
Local note IKA090506
690 ## - LOCAL SUBJECT ADDED ENTRY--TOPICAL TERM (OCLC, RLIN)
Topical term or geographic name as entry element PROPERTY-AUCTIONEERING
942 ## - ADDED ENTRY ELEMENTS (KOHA)
Suppress in OPAC 0
Holdings
Withdrawn status Lost status Source of classification or shelving scheme Damaged status Not for loan Home library Current library Shelving location Date acquired Total Checkouts Full call number Barcode Date last seen Copy number Price effective from Koha item type
    Dewey Decimal Classification     London London Journal article 03/05/2006   L133344. 133344-1001 06/08/2019 1 06/08/2019 Journal article